000
00286nam a2200109Ia 4500
008
201217s9999 xx 000 0 und d
100
_a
Cathie, John
245
0
_a
(The) Political Economy of Food Aid
260
_a
Aldershot
_b
Gower Publishing Company Limited
300
_a
190
942
_c
BK
999
_c
6951
_d
6951